000
00363nam a2200157Ia 4500
005
20250508163005.0
008
008 250505s9999 xx 000 0 hin d
037
_a
Textual
040
_a
FEDL
_b
eng
_c
FEDL
041
_a
hin
_2
eng
084
_q
FEDL
245
0
_a
Champak, V 175-188, 1978
260
_c
1928
942
_c
TEXL
999
_c
1379945
_d
1379945